000 00349nam a2200133Ia 4500
008 100328s9999 xx 000 0 und d
082 _b67191
100 _aहरकारे अरुण.
245 _aकामिनी.
260 _bनंदादीप.
630 _aकामिनी.
730 _aकामिनी.
942 _cBOOK
999 _c552930
_d552927